| 000 | 00392nam a2200145Ia 4500 | ||
|---|---|---|---|
| 008 | 211109s9999||||xx |||||||||||||| ||und|| | ||
| 082 |
_a894.812 _bASH-M |
||
| 100 | _aAshir, Ronald E | ||
| 245 | 0 | _aMalayala Basha Sahitya Padanamgal | |
| 260 |
_bDC Books _aKottayam _c1989 |
||
| 300 | _a247p | ||
| 630 | _xGENERAL STACK | ||
| 650 |
_aMALAYALAM _vMALAYALAM LITERATUREMalayalam |
||
| 942 | _cBOOK | ||
| 999 |
_c41242 _d41242 |
||